000 00640nam a2200193 i 4500
001 118629
003 ES-MaACL
005 20231228062659.0
007 t|
008 070214s1948 sp r ||||1| spa d
100 1 _aPérez de Barradas, José.
_990766
245 1 4 _aLos mestizos de América /
_cJosé Pérez de Barradas ; prólogo de D. Gregorio Marañón.
260 _aMadrid :
_bCultura Clásica y Moderna,
_c1948.
300 _aXV, 204 p. lám. ;
_c25 cm.
650 4 _aMestizaje-
_zAmérica española.
_9152480
700 1 _aMarañón, Gregorio,
_d1887-1960
_976311
852 _aES-MaACL
_jC-5258
_bR.26029
999 _c118629
_d118629